| 000 | 00738nam a22002057a 4500 | ||
|---|---|---|---|
| 008 | 130821s1934 enk gr eng | ||
| 040 |
_aCo-BoUCM _bspa |
||
| 041 | 0 | 0 | _aeng |
| 100 |
_aWaddell, L. Austine _9150754 |
||
| 245 | 0 | 0 |
_aThe buddhism of Tibet or lamaism With its mystic cults, symbolism and mythology, and in its relation to Indian Buddhism _cby L. Austine Waddell |
| 250 | _a2a. edition | ||
| 260 |
_aCambridge (Inglaterra) _bW. Heffer _c1934 |
||
| 300 | _a[1 volumen] | ||
| 500 | _aIncluye bibliografia e índice | ||
| 650 | 0 | 4 |
_aBudismo _910234 |
| 650 | 0 | 4 |
_aBudismo _zTíbet _910234 |
| 651 |
_aTibet (China) _927359 |
||
| 942 |
_cLIBRO _a4 _e2 _mW13 _n0 _2DEWEY _h294.3 |
||
| 999 |
_c87845 _d87845 |
||